| 000 | 00390nam a2200169Ia 4500 | ||
|---|---|---|---|
| 008 | 180424s9999 xx 000 0 und d | ||
| 084 | _aT10 P149 | ||
| 100 | _a"Perinpan, Deva" | ||
| 245 | 0 | _aThamizhar Thaththuvam | |
| 250 | _a\\200600ENGGPSX | ||
| 260 | _aNCBH | ||
| 260 | _b2006 | ||
| 260 | _cCHENNAI | ||
| 300 | _a172p. | ||
| 500 | _aincludes index and biblioraphy | ||
| 942 | _cBK | ||
| 999 |
_c89408 _d89408 |
||